000
00390nam a22001697a 4500
003
MPLRDC
005
20220104144017.0
008
210129b ||||| |||| 00| 0 eng d
082
_a
494.8 ZZ
100
_a
张之著
245
_a
怎样珍惜和利用时间
_c
250
_a
初版
260
_a
_b
上海人民出版社
_c
1986
300
_b
平
650
_a
942
_c
BK
_o
494.8 ZZ
999
_c
45517
_d
45507